Ultimate RDR2 Quiz - Statistics

General Stats
  • This quiz has been taken 694 times
  • The average score is 10 of 13
Answer Stats
Question Answer % Correct
Which of the following characters were NOT on Guarma? Uncle
98%
Who does Arthur get tuberculosis from? Thomas Downes' spit
94%
Which of the following is not captured/killed during the Blackwater Ferry Heist? Lenny Summers
90%
Where does the gang flee to after the failed robbery in Blackwater? Colter
86%
What country is Guarma in? Cuba
85%
The name of the fence owner at Emerald Ranch.. Seamus
83%
Who does Arthur spot at the party at the Saint Denis mayor's house that he recognizes in Guarma? Alberto Fussar
80%
When boating in the swamp with Dutch, Thomas, and Jules, this character gets pulled underwater by a massive gator. Jules
79%
Which of the following characters has an unexplained ending? Karen Jones
74%
Where does Arthur find the gang after returning home from Guarma? Lakay
63%
In what mission did Arthur, Lenny, and Dutch escape on a Saint Denis Trolley after robbing the trolley station? Urban Pleasures
60%
Who first points out the storm when on the boat to Guarma? Micah
45%
Who tosses a rifle to Arthur after he blows a hole through the Saint Denis Bank? Javier
35%
No matching quizzes found
Score Distribution
Percent of People with Each Score
Percentile by Number Answered
Your Score History
You have not taken this quiz